Učitavanje...

Thirakkatha :Cinemayude Blueprint

Bibliografski detalji
Glavni autor: Aravindan ,Vallachira
Format: Printed Book
Jezik:Undetermined
Izdano: SPCS Kottayam, 2010
Teme:
LEADER 00447nam a2200133Ia 4500
008 200324s9999 xx 000 0 und d
082 |a 791.437  |b ARA-T 
100 |a Aravindan ,Vallachira 
245 0 |a Thirakkatha :Cinemayude Blueprint 
260 |b SPCS Kottayam,  |c 2010 
650 |a Cinema 
942 |c BK 
999 |c 287058  |d 287058 
952 |0 0  |1 0  |4 0  |6 791_437000000000000_ARAT  |7 0  |9 305598  |a SDE  |b SDE  |d 2018-10-16  |l 0  |o 791.437 ARA-T  |p SDE22911  |r 2020-03-27  |w 2020-03-27  |y BK